| 000 | 01550cam a2200253 4500 | ||
|---|---|---|---|
| 001 | ABS65358 | ||
| 008 | 020508n2002 000 0 eng u | ||
| 035 | _a(Sirsi) u117894 | ||
| 100 | _aSheridan, P. | ||
| 245 | _aConstruction Act review | ||
| 260 | _c2002 | ||
| 490 |
_aConstruction Law Journal _v18(1) 2002, 39-48(10) |
||
| 520 | _aReviews insolvency issues relating to the Housing Grants Construction and Regeneration Act 1996 in light of case law. Firstly, the position where the party in liquidation seeks to enforce an adjudicator's decision by summary judgment; secondly, the position where an impecunious or insolvent party, not in liquidation, enforces an adjudicator's decision by summary judgment and circumstances in which a stay of execution may be granted by the court giving summary judgment; thirdly, the issue of statutory demand as alternative to adjudication for certain debt claims; fourthly, the issue of statutory demand by summary judgment, and fifthly, where a party seeks to commence adjudication against the insolvent party in administration. | ||
| 590 | _aABS | ||
| 650 | _aHOUSING GRANTS, CONSTRUCTION AND REGENERATION ACT 1996 | ||
| 650 | _aSUMMARY JUDGMENTS | ||
| 650 | _aMANAGEMENT-DISPUTE AVOIDANCE, MANAGEMENT AND RESOLUTION-DISPUTE MANAGEMENT AND RESOLUTION-ALTERNATIVE DISPUTE RESOLUTION-ADJUDICATION | ||
| 650 |
_aInsolvency _96247 |
||
| 650 | _aDEBT | ||
| 650 | _aHOUSING GRANTS CONSTRUCTION AND REGENERATION ACT 1996 | ||
| 690 |
_aDispute resolution _96236 |
||
| 700 | _aHelps, D. | ||
| 942 | _n0 | ||
| 999 |
_c70217 _d70217 |
||